000 00299 a2200133 4500
001 151397
040 _cEscola São Tomás de Aquino
240 1 0 _aO rato roeu a roupa
_lpor
245 1 0 _aO rato roeu a roupa
362 0 _a1988
440 1 _aModerna
697 _a*LITERATURA INFANTIL
942 _cBK
999 _c151397
_d151397